[Event "Titled Tuesday intern op 19th Dec Late"]
[Site "Chess.com INT"]
[Date "2023.12.19"]
[Round "9"]
[White "Vargas Rodriguez, Wilver"]
[Black "Benedetti, Julio"]
[Result "1-0"]
[WhiteElo "2273"]
[BlackElo "2252"]
[PlyCount "87"]
[EventDate "2023.12.19"]
[EventType "swiss (blitz)"]
[EventRounds "11"]
[EventCountry "USA"]
[SourceTitle "EXT 2025"]
[Source "ChessBase"]
[SourceDate "2024.10.14"]
[SourceVersion "1"]
[SourceVersionDate "2024.10.14"]
[SourceQuality "1"]

1. e4 c5 2. Nc3 Nc6 3. g3 g6 4. Bg2 Bg7 5. d3 e6 6. Nge2 Nge7 7. Be3 d6 8. Qd2 Rb8 9. Bh6 0-0 10. h4 f6 11. Bxg7 Kxg7 12. h5 g5 13. f4 h6 14. d4 cxd4 15. Nxd4 Nxd4 16. Qxd4 Nc6 17. Qd2 Qb6 18. 0-0-0 Rd8 19. fxg5 fxg5 20. Rdf1 Ne5 21. Na4 Qc7 22. b3 Bd7 23. Nb2 Bb5 24. c4 Bc6 25. Nd3 b5 26. Nxe5 dxe5 27. Qf2 Qe7 28. cxb5 Bxb5 29. Rd1 Rbc8+ 30. Kb2 Bd3 31. Rc1 a5 32. Rhd1 Rxc1 33. Rxc1 a4 34. bxa4 Rd4 35. Ka1 Rxa4 36. Qb2 Ra5 37. Qb6 Ra3 38. Rc7 Qxc7 39. Qxc7+ Kf6 40. Qd8+ Kf7 41. Bh3 Bc4 42. Qc7+ Kf6 43. Qxc4 Rxg3 44. Qxe6+ 1-0

[Event "Titled Tuesday intern op 15th Aug Early"]
[Site "Chess.com INT"]
[Date "2023.08.15"]
[Round "5"]
[White "Krivenko, Dion"]
[Black "Benedetti, Julio"]
[Result "0-1"]
[WhiteElo "2190"]
[BlackElo "2262"]
[PlyCount "30"]
[EventDate "2023.08.15"]
[EventType "swiss (blitz)"]
[EventRounds "11"]
[EventCountry "USA"]
[SourceTitle "EXT 2024"]
[Source "ChessBase"]
[SourceDate "2023.10.10"]
[SourceVersion "1"]
[SourceVersionDate "2023.10.10"]
[SourceQuality "1"]

1. Nc3 e5 2. Nf3 Nc6 3. d4 exd4 4. Nxd4 Nf6 5. Bg5 Be7 6. e4 Nxe4 7. Nxc6 bxc6 8. Bxe7 Qxe7 9. Nxe4 Qxe4+ 10. Be2 Qxg2 11. Bf3 Qg6 12. Qd2 Qe6+ 13. Kd1 0-0 14. Kc1 Rb8 15. Re1 Qf6 0-1

[Event "Titled Tuesday intern op 15th Aug Early"]
[Site "Chess.com INT"]
[Date "2023.08.15"]
[Round "9"]
[White "Szajbely, Zsigmond"]
[Black "Benedetti, Julio"]
[Result "1-0"]
[WhiteElo "2247"]
[BlackElo "2262"]
[PlyCount "61"]
[EventDate "2023.08.15"]
[EventType "swiss (blitz)"]
[EventRounds "11"]
[EventCountry "USA"]
[SourceTitle "EXT 2024"]
[Source "ChessBase"]
[SourceDate "2023.10.10"]
[SourceVersion "1"]
[SourceVersionDate "2023.10.10"]
[SourceQuality "1"]

1. e4 c5 2. Nf3 d6 3. Bb5+ Nd7 4. d4 cxd4 5. Nxd4 a6 6. Bxd7+ Bxd7 7. 0-0 e6 8. c4 Rc8 9. b3 b5 10. cxb5 axb5 11. Bb2 Nf6 12. Re1 Be7 13. Qe2 Qb6 14. Na3 b4 15. Nc4 Qb8 16. Nc2 Bb5 17. N2e3 Nxe4 18. Qg4 Nf6 19. Qxg7 Rg8 20. Qh6 Rg6 21. Qf4 Nh5 22. Qf3 Rg5 23. h4 Bc6 24. Qd1 Rb5 25. Qg4 Nf6 26. Qg7 Nd5 27. Qxh7 Nf4 28. Rad1 Rh5 29. Qg8+ Kd7 30. Qxf7 Rf8 31. Qg7 1-0